Statistiques concernant Pays les plus proches du Canada par deux premières lettres

Cliquez ici pour prendre le quiz!

Statistiques générales

  • Ce quiz a été pris 205 fois
  • Le résultat moyen est 11 sur 20

Statistiques - réponses

kmpays% Correct
0Etats-Unis
99%
1809Mexique
94%
8St Pierre and Miquelon (France)
72%
2065Cuba
71%
2625Jamaïque
69%
1238Russie
69%
1657Bahamas
60%
2832Sint Maarten (Pays-Bas)
56%
2642Belize
55%
2733Guatemala
54%
2582Haïti
53%
2644République dominicaine
48%
26Groenland (Danemark)
47%
1638Islande
47%
2823Honduras
46%
1232Bermudes (Royaume-Uni)
42%
2200Norvège
33%
2352Suède
30%
2342Finlande
28%
1928Açores (Portugal)
24%

Distribution des résultats

Percentile par nombre de réponses

% des personnes avec chaque résultat

Votre développement - résultats

Vous n’avez pas pris ce quiz